[Event "Tourn. n8355"]
[Site "www.chess-mail.com"]
[Date "2015.09.07"]
[Round "1"]
[White "Bojan"]
[Black "Falcoale"]
[WhiteElo "1930"]
[BlackElo "1930"]
[Result "0-1"]
[Round "1"]
1.e4 c5
2.Ng1f3 e6
3.d4 cxd4
4.Nf3xd4 a6
5.a3 Nb8c6
6.f4 Bf8c5
7.Bc1e3 Bc5b6
8.c3 Ng8f6
9.Qd1f3 O-O
10.Bf1d3 d5
11.Nd4xc6 bxc6
12.e5 Nf6d7
13.Qf3h3 f5
14.Nb1d2 Bb6xe3
15.Qh3xe3 Bc8b7
16.b4 Ra8c8
17.Nd2b3 Rc8a8
18.Nb3a5 Ra8b8
19.h4 c5
20.Na5xb7 Rb8xb7
21.Bd3xa6 Rb7c7
22.Ba6b5 Rc7b7
23.Bb5xd7 Rb7xd7
24.Qe3xc5 Rd7c7
25.Qc5e3 Rc7c4
26.g3 Rc4e4
27.Kf2 Re4xe3
28.Kxe3 Qd8b6
29.Kd3 Rf8c8
30.Rh1h2 Qb6b5
31.Kd2 Qb5c4
32.Ra1c1 Qc4a2
33.Rc1c2 Qa2xa3
34.Kd1 Rc8xc3
35.b5 Rc3xc2
{ resign }
0-1

[Event "Tourn. n8340"]
[Site "www.chess-mail.com"]
[Date "2015.09.07"]
[Round "1"]
[White "Heiserman"]
[Black "Biagio"]
[WhiteElo "2250"]
[BlackElo "2110"]
[Result "1-0"]
[Round "1"]
1.d4 d5
2.c4 e5
3.dxe5 d4
4.Ng1f3 Nb8c6
5.g3 Ng8e7
6.Bf1g2 Ne7g6
7.O-O Ng6xe5
8.Nf3xe5 Nc6xe5
9.Bc1f4 Ne5g6
10.Bf4c1 Ng6e5
11.e3 d3
12.f4 Ne5g4
13.Qd1a4 c6
14.Bc1d2 Bf8c5
15.Rf1f3 O-O
16.Nb1c3 Rf8e8
17.Ra1e1 Qd8e7
18.h3 Ng4f6
19.Kh2 a6
20.e4  { time }
1-0

[Event "Tourn. n8340"]
[Site "www.chess-mail.com"]
[Date "2015.09.07"]
[Round "1"]
[White "Xkafi"]
[Black "Biagio"]
[WhiteElo "2050"]
[BlackElo "2110"]
[Result "1-0"]
[Round "1"]
1.e4 Ng8f6
2.Nb1c3 d5
3.e5 Nf6d7
4.Bf1b5 c6
5.Bb5a4 Nd7xe5
6.Qd1h5 Qd8d6
7.Ng1f3 Ne5xf3
8.Qh5xf3 Nb8d7
9.d4 e5
10.O-O e4
11.Qf3e3 Bf8e7
12.f3 Nd7f6
13.fxe4 Nf6xe4
14.Nc3e2 Bc8e6
15.Ne2f4 O-O-O
16.Nf4d3 Be7g5
17.Qe3e1 Bg5xc1
18.Ra1xc1 g5
19.Qe1a5 Kb8
20.Nd3e5 f6
21.Ne5d3 h5
22.Nd3c5 b6
23.Qa5b4 Ka8
24.Nc5d3 c5
25.dxc5 bxc5
26.Qb4a3 c4
27.Nd3b4 Qd6c5
28.Kh1 Ne4f2
29.Rf1xf2 Qc5xf2
30.Ba4c6 Kb8
31.Nb4a6 Kc8
32.Na6c5  { time }
1-0

[Event "Tourn. n8374"]
[Site "www.chess-mail.com"]
[Date "2015.09.07"]
[Round "1"]
[White "Bojan"]
[Black "Louis"]
[WhiteElo "1940"]
[BlackElo "1840"]
[Result "1-0"]
[Round "1"]
1.e4 e6
2.d4 d5
3.exd5 exd5
4.Bc1f4 Ng8f6
5.c4 Bf8b4
6.Nb1c3 Nb8c6
7.Qd1e2 Bc8e6
8.f3 Nc6xd4
9.Qe2d2 c5
10.cxd5 Nf6xd5
11.a3 Nd4b3
12.Bf1b5 Ke7
13.Bf4g5 f6
14.Bg5xf6 Kxf6
15.Qd2d3 Nb3xa1
16.axb4 a6
17.Bb5a4 Nd5xb4
18.Nc3e4 Kf7
19.Qd3b1 Nb4d3
20.Kf1 b5
21.Ba4d1 Nd3xb2
22.Bd1e2 Na1b3
23.Qb1xb2 c4
24.f4 Rh8e8
25.Ne4g5 Kg8
26.Ng1f3 Be6d5
27.Kf2 Qd8b6
28.Kg3 h6
29.Ng5h3 Qb6g6
30.Kf2 Nb3c5
31.Rh1d1 c3
32.Qb2c1 Re8xe2
33.Kxe2 Qg6xg2
34.Ke1 Qg2g1
35.Nh3xg1 { resign }
1-0

[Event "Tourn. n8340"]
[Site "www.chess-mail.com"]
[Date "2015.09.07"]
[Round "1"]
[White "Hundegana"]
[Black "Xkafi"]
[WhiteElo "1980"]
[BlackElo "2050"]
[Result "1-0"]
[Round "1"]
1.e4 e5
2.Ng1f3 Nb8c6
3.c3 h6
4.Bf1c4 Bf8c5
5.O-O Ng8f6
6.d3 g5
7.b4 Bc5d6
8.Nb1d2 b6
9.Qd1b3 Rh8h7
10.d4 Bc8b7
11.d5 Nc6e7
12.a4 a5
13.b5 Ne7g6
14.g3 Nf6g4
15.h3 Ng4f6
16.Kh2 g4
17.Nf3g1 gxh3
18.Ng1xh3 Bd6c5
19.f3 d6
20.Bc1a3 Bc5e3
21.Ra1d1 Qd8d7
22.Rf1e1 Bb7c8
23.g4 Nf6xg4
24.fxg4 Be3xd2
25.Rd1xd2 Qd7xg4
26.Bc4f1 Ng6f4
27.Re1e3 Rh7g7
28.Qb3d1 Nf4xh3
29.Qd1xg4 Bc8xg4
30.Bf1xh3 h5
31.Bh3xg4 hxg4
32.Kg3 Ke7
33.Rd2h2 Ra8g8
34.Ba3c1 f6
35.c4 Kf7
36.Re3e1 Ke7
37.Re1h1 Rg7g6
38.Rh2h7 Rg8g7
39.Rh7xg7 Rg6xg7
40.Rh1h4 Kf7
41.Rh4xg4 Rg7h7
42.Kg2 Rh7h5
43.Bc1d2 Rh5h7
44.Bd2e1 Rh7g7
45.Rg4xg7 Kxg7
46.Kg3 Kh6
47.Kg4 Kg6
48.Be1d2 Kf7
49.Kf5 Ke7
50.Kg6 Kf8
51.Kxf6 Ke8
52.Ke6 Kd8
53.Bd2g5 Ke8
54.Bg5h4 Kf8
55.Kd7 { resign }
1-0

[Event "Match"]
[Site "www.echecsemail.com"]
[Date "2015.09.07"]
[Round "1"]
[White "Pariolinius"]
[Black "Katze"]
[WhiteElo "1980"]
[BlackElo "1599"]
[Result "1-0"]
[Round "1"]
1.d4 d5
2.Ng1f3 Ng8f6
3.e3 Bc8f5
4.c4 c6
5.Nb1c3 e6
6.Bf1e2 Bf8b4
7.O-O O-O
8.Bc1d2 Nb8d7
9.cxd5 exd5
10.Ra1c1 Rf8e8
11.a3 Bb4xc3
12.Bd2xc3 Nf6e4
13.Bc3b4 a5
14.Bb4e1  { time }
1-0

[Event "Match"]
[Site "www.echecsemail.com"]
[Date "2015.09.07"]
[Round "1"]
[White "Darknight"]
[Black "Daquata"]
[WhiteElo "1590"]
[BlackElo "1660"]
[Result "0-1"]
[Round "1"]
1.e4 e5
2.Bf1c4 Ng8f6
3.d3 Nb8c6
4.c3 d6
5.h3 Bf8e7
6.Bc1g5 O-O
7.Bg5xf6 Be7xf6
8.g3 Bc8e6
9.Bc4b3 d5
10.f3 Nc6a5
11.h4 Na5xb3
12.Qd1xb3 b6
13.Qb3c2 c5
14.Nb1d2 Ra8c8
15.Ng1e2 Qd8c7
16.a3 Rf8d8
17.O-O-O a5
18.Rd1g1 b5
19.g4 b4
20.a4 bxc3
21.Ne2xc3 c4
22.dxc4 dxc4
23.g5 Bf6e7
24.h5 Be7c5
25.Rg1g2 Bc5e3
26.g6 h6
27.Kb1 Qc7d7
28.Nd2f1 Be3f4
29.Nf1h2 Qd7d3
30.Qc2xd3 Rd8xd3
31.Nh2g4 Rd3xf3
32.Rh1g1 Rc8d8
33.gxf7 Kxf7
34.Nc3e2 Be6xg4
35.Rg2xg4 Bf4g5
36.Rg1h1 Rd8d2
37.Ne2g1 Rf3f2
38.Rg4xg5 hxg5
39.Kc1 Rd2xb2
40.Rh1h3 Rb2a2
41.Kb1 Ra2xa4
42.Rh3c3 Rf2f1
43.Rc3c1 Ra4a1
44.Kxa1 Rf1xc1
45.Kb2 Rc1xg1
46.Ka2 g4
47.Ka3 g3
48.Ka4 g2
49.Kxa5 Rg1a1
50.Kb4 g1Q
51.Kxc4 Qg1d4
52.Kb3 Ra1c1
53.h6 Rc1c3
54.Ka2 Qd4d2
{ resign }
0-1

[Event "Match"]
[Site "www.echecsemail.com"]
[Date "2015.09.07"]
[Round "1"]
[White "Jhw"]
[Black "Guidom"]
[WhiteElo "1880"]
[BlackElo "2210"]
[Result "0-1"]
[Round "1"]
1.Ng1f3 d5
2.d4 c6
3.b4 Bc8g4
4.e3 Nb8d7
5.c4 e6
6.c5 Ng8f6
7.Bf1e2 Bf8e7
8.Nb1c3 O-O
9.a4 a6
10.Bc1b2 Bg4xf3
11.Be2xf3 e5
12.O-O e4
13.Bf3e2 Qd8c7
14.g3 h6
15.f3 exf3
16.Be2xf3 Nf6h7
17.Qd1d3 Nh7g5
18.Bf3h5 Be7f6
19.Ra1e1 Ra8e8
20.Bb2c1 Ng5e4
21.Nc3xe4 Re8xe4
22.Rf1f4 Rf8e8
23.Rf4xe4 Re8xe4
24.Bh5f3 Re4e8
25.e4 dxe4
26.Bf3xe4 Kf8
27.Bc1f4 Qc7d8
28.Re1d1 g5
29.Bf4d6 Kg7
30.Qd3f3 Nd7f8
31.Bd6xf8 Re8xf8
32.d5 cxd5
33.Rd1xd5 Qd8e7
34.Qf3f5 Rf8h8
35.Rd5d7 Qe7e5
36.Rd7xb7 Qe5a1
37.Kg2 Qa1b2
38.Kh3 h5
39.Be4c2 Qb2d4
40.Rb7d7 Qd4g1
41.Bc2d1 g4
42.Bd1xg4 hxg4
43.Kxg4 Rh8h4
44.Kf3 Qg1f1
45.Ke3 Qf1xf5
46.gxh4 Qf5xd7
{ resign }
0-1

[Event "Match"]
[Site "www.echecsemail.com"]
[Date "2015.09.07"]
[Round "1"]
[White "Pinehill"]
[Black "Bojan"]
[WhiteElo "1990"]
[BlackElo "1870"]
[Result "0-1"]
[Round "1"]
1.e4 e5
2.d4 exd4
3.c3 dxc3
4.Bf1c4 Qd8e7
5.Nb1xc3 c6
6.Bc1e3 h6
7.Ng1f3 d6
8.O-O Nb8d7
9.Qd1b3 Ng8f6
10.Ra1d1 Nd7e5
11.Nf3xe5 dxe5
12.f3 Qe7c7
13.Rd1d2 b5
14.Nc3xb5 cxb5
15.Bc4xb5 Bc8d7
16.Rf1d1 Ra8d8
17.Qb3a4 Bf8e7
18.Bb5xd7 Nf6xd7
19.Be3xa7 Be7c5
20.Ba7xc5 Qc7xc5
21.Kh1 Qc5c8
22.Rd2c2 Qc8b7
23.Qa4c4 h5
24.Rc2d2 Rh8h6
25.Qc4d5 Rh6b6
26.b3 Qb7xd5
27.Rd2xd5 f6
28.h4 Rb6b8
29.Rd1d3 Rb8b7
30.a4 Rd8a8
31.Rd5d6 Nd7c5
32.Rd3d5 Nc5xb3
33.Rd5b5 Rb7xb5
34.axb5 Ra8b8
35.b6 Ke7
36.Rd6c6 Rb8b7
37.g4 Nb3d4
38.Rc6c7 Rb7xc7
39.bxc7 Kd7
40.Kg2 g6
41.g5 fxg5
42.hxg5 Kxc7
43.Kg3 Kd6
44.f4 Nd4e2
{ resign }
0-1

[Event "Match"]
[Site "www.echecsemail.com"]
[Date "2015.09.07"]
[Round "1"]
[White "Azorau"]
[Black "Silent1"]
[WhiteElo "1920"]
[BlackElo "1860"]
[Result "1-0"]
[Round "1"]
1.e4 c5
2.Ng1f3 d6
3.Bf1c4 e6
4.d3 Ng8f6
5.Bc1g5 Bf8e7
6.Bg5xf6 Be7xf6
7.c3 O-O
8.O-O Nb8c6
9.a4 Nc6e5
10.a5 Ne5xc4
11.Qd1b3 Nc4xa5
12.Qb3b5 Na5c6
13.Nb1d2 a6
14.Qb5b3 Nc6a5
15.Qb3a4 Na5c6
16.Rf1e1 b5
17.Qa4c2 Bc8b7
18.c4 b4
19.e5 Nc6xe5
20.Re1e3 Ne5xf3
21.gxf3 Bf6xb2
22.Qc2xb2 a5
23.Kh1 Qd8h4
24.Ra1g1 Qh4xf2
25.Qb2xg7 { resign }
1-0

[Event "Match"]
[Site "www.echecsemail.com"]
[Date "2015.09.07"]
[Round "1"]
[White "Ditto"]
[Black "Gambitmiau"]
[WhiteElo "1820"]
[BlackElo "1890"]
[Result "0-1"]
[Round "1"]
1.e4 e5
2.Ng1f3 d6
3.Bf1c4 Bc8g4
4.Nb1c3 Bg4h5
5.O-O Ng8f6
6.d3 Nb8c6
7.Rf1e1 Bf8e7
8.Nc3d5 Nc6d4
9.Re1e3 Nd4xf3
10.Re3xf3 Bh5xf3
11.Qd1xf3 Qd8d7
12.Bc1g5 c6
13.Nd5e3 d5
14.exd5 cxd5
15.Bc4b3 O-O
16.Ne3f5 h6
17.Bg5d2 e4
18.Nf5xe7 Qd7xe7
19.a3 exf3
{ resign }
0-1

[Event "Match"]
[Site "www.echecsemail.com"]
[Date "2015.09.07"]
[Round "1"]
[White "Ssharp"]
[Black "Bojan"]
[WhiteElo "2180"]
[BlackElo "1920"]
[Result "1-0"]
[Round "1"]
1.e4 e5
2.f4 exf4
3.Ng1f3 Nb8c6
4.Bf1c4 Ng8f6
5.e5 Nf6g4
6.d4 Ng4e3
7.Bc1xe3 fxe3
8.O-O Nc6a5
9.Bc4d3 d6
10.Qd1e1 Na5c6
11.Qe1xe3 d5
12.Nb1c3 Nc6b4
13.Qe3f4 Nb4xd3
14.cxd3 Bc8e6
15.Nf3g5 Qd8d7
16.Ra1c1 c6
17.a3 h6
18.Ng5xe6 Qd7xe6
19.b4 a6
20.Nc3a4 Bf8e7
21.Na4c5 Qe6g6
22.Qf4f3 Ra8a7
23.Qf3h3 O-O
24.Rf1f3 Be7g5
25.Rc1f1 f6
26.Nc5e6 Rf8f7
27.Ne6xg5 hxg5
28.Qh3e6 Ra7a8
29.exf6 Ra8d8
30.h3 Kh7
31.Qe6e5 Kh6
32.fxg7 Rf7xf3
33.Rf1xf3 Qg6xg7
34.Rf3f6 Kh7
35.Kh2 Rd8f8
36.Qe5f5 Kg8
37.Qf5e6 Rf8f7
38.Rf6g6 { resign }
1-0

[Event "Eq:SIETE ESTRELLAS VERDES-Team USA : "]
[Site "www.chess-mail.com"]
[Date "2015.09.07"]
[Round "1"]
[White "Susov"]
[Black "Uji40"]
[WhiteElo "1850"]
[BlackElo "1920"]
[Result "1/2-1/2"]
[Round "1"]
1.e4 e5
2.Ng1f3 Nb8c6
3.Nb1c3 Ng8f6
4.Bf1c4 h6
5.d4 d6
6.d5 Nc6b8
7.h3 Bf8e7
8.Bc1e3 O-O
9.Qd1d2 Kh8
10.Be3xh6 Nf6h7
11.Bh6e3 c6
12.h4 c5
13.Nf3g5 g6
14.Ng5xh7 Kxh7
15.Be3g5 f6
16.Bg5e3 Rf8h8
17.O-O-O Kg7
18.Bc4e2 a6
19.h5 g5
20.g4 Nb8d7
21.Rh1h2 Nd7f8
22.Rd1h1 Rh8h6
23.f3 Bc8d7
24.Be2f1 Bd7e8
{ draw }
1/2-1/2

[Event "Fast Game"]
[Site "www.echecsemail.com"]
[Date "2015.09.07"]
[Round "1"]
[White "Sonofabutton"]
[Black "Giupiter"]
[WhiteElo "1599"]
[BlackElo "1599"]
[Result "0-1"]
[Round "1"]
1.d4 Ng8f6
2.c4 g6
3.Nb1c3 Bf8g7
4.e4 d6
5.Ng1f3 O-O
6.h3 e5
7.Bc1e3 Nb8d7
8.Bf1e2 Rf8e8
9.O-O exd4
10.Be3xd4 Nf6xe4
11.Nc3xe4 Re8xe4
12.Bd4xg7 Kxg7
13.Qd1c2 Nd7f6
14.Be2d3 Re4e8
15.Rf1e1 Qd8d7
16.b3 Qd7c6
17.Re1xe8 Nf6xe8
 { time }
0-1

[Event "Tourn. n8302"]
[Site "www.chess-mail.com"]
[Date "2015.09.08"]
[Round "1"]
[White "Seger"]
[Black "Obisporey"]
[WhiteElo "2690"]
[BlackElo "2560"]
[Result "1-0"]
[Round "1"]
1.d4 f5
2.c4 Ng8f6
3.e3 g6
4.Ng1f3 Bf8g7
5.Bf1e2 O-O
6.O-O b6
7.b4 Bc8b7
8.Nb1c3 e6
9.Bc1a3 d6
10.c5 a6
11.cxb6 cxb6
12.Qd1b3 Qd8e7
13.b5 axb5
14.Nc3xb5 Nf6e4
15.Ra1c1 Nb8c6
16.Qb3b2 f4
17.Qb2b3 Rf8f7
18.exf4 Rf7xf4
19.Qb3e3 Rf4f5
20.Rf1e1 Ra8a4
21.Qe3xe4 Nc6xd4
22.Nf3xd4 Bb7xe4
23.Nd4xf5 exf5
24.Rc1c8 Kf7
25.Nb5xd6 Ke6
26.Be2c4 Ra4xc4
27.Rc8xc4 Bg7e5
28.Nd6xf5 Qe7xa3
29.Rc4xe4 Kxf5
30.Re4xe5 Kf6
31.Re5e6 Kg5
32.Re6xb6 Qa3xa2
33.g3 Qa2a7
34.Rb6e6 h5
35.h4 Kh6
36.Re6e7 Qa7d4
37.Re7b7 { resign }
1-0

[Event "Tourn. n8311"]
[Site "www.chess-mail.com"]
[Date "2015.09.08"]
[Round "1"]
[White "Bojan"]
[Black "Maredocla"]
[WhiteElo "1890"]
[BlackElo "2060"]
[Result "1-0"]
[Round "1"]
1.e4 c5
2.Ng1f3 Nb8c6
3.d4 cxd4
4.Nf3xd4 d6
5.c3 Ng8f6
6.Nb1d2 Qd8b6
7.Nd2f3 Nf6xe4
8.Bf1c4 Bc8g4
9.Qd1e2 Ne4f6
10.b3 Nc6e5
11.Bc4b5 Nf6d7
12.Qe2e4 Bg4xf3
13.Bb5xd7 Kxd7
14.Qe4f5 e6
15.Qf5h3 Bf3c6
16.O-O Bf8e7
17.Bc1e3 Qb6a5
18.f4 Ne5d3
19.Nd4xc6 bxc6
20.Be3d4 Nd3c5
21.b4 Qa5a3
22.bxc5 d5
23.f5 Be7f6
24.Bd4xf6 gxf6
25.fxe6 fxe6
26.Rf1xf6 Qa3xc5
27.Kh1 Ra8e8
28.Ra1b1 Qc5c4
29.Rf6f7 Kd6
30.Qh3g3 Kc5
31.Rf7xa7 Re8a8
32.Ra7d7 Qc4xa2
33.Qg3e3  { time }
1-0

[Event "Tourn. n8302"]
[Site "www.chess-mail.com"]
[Date "2015.09.08"]
[Round "1"]
[White "Obisporey"]
[Black "Manolinex"]
[WhiteElo "2560"]
[BlackElo "2700"]
[Result "0-1"]
[Round "1"]
1.e4 e5
2.Ng1f3 Nb8c6
3.d4 exd4
4.Nf3xd4 Ng8f6
5.Nd4xc6 bxc6
6.e5 Qd8e7
7.Qd1e2 Nf6d5
8.c4 Bc8a6
9.Nb1d2 g6
10.Nd2f3 Qe7b4
11.Kd1 Ra8b8
12.Qe2c2 Nd5e7
13.b3 Bf8g7
14.Bf1d3 O-O
15.Rh1e1 c5
16.Bc1b2 Ne7c6
17.Bb2c3 Qb4b6
18.Qc2d2 Rf8e8
19.Ra1b1 Rb8d8
20.a3 Re8e6
21.Nf3g5 Re6xe5
22.Bc3xe5 Nc6xe5
23.Bd3c2 d5
24.Kc1 c6
25.Re1d1 h6
26.f4 hxg5
27.fxe5 Bg7xe5
28.Qd2xg5 Qb6c7
29.g3 Be5d4
30.Rd1e1 Qc7a5
31.Re1e2 Kg7
32.a4 Rd8d6
33.Re2e8 Rd6f6
34.Qg5d2 Bd4c3
35.Qd2e2 Qa5b4
36.Bc2d3 Bc3d4
37.Kd1 Rf6f2
38.Qe2e1 Qb4a3
39.Re8e2 Rf2f3
{ resign }
0-1

[Event "Tourn. n8315"]
[Site "www.chess-mail.com"]
[Date "2015.09.08"]
[Round "1"]
[White "Groz"]
[Black "Raulazo"]
[WhiteElo "1990"]
[BlackElo "1889"]
[Result "0-1"]
[Round "1"]
1.d4 d5
2.Bc1f4 Nb8c6
3.e3 Ng8f6
4.Ng1f3 Bc8g4
5.Bf1d3 e5
6.dxe5 Nf6d7
7.Bd3e2 Bg4xf3
8.Be2xf3 Nd7xe5
9.Bf4xe5 Nc6xe5
10.O-O c6
11.Nb1d2 g6
12.Qd1e2 Bf8g7
13.Ra1b1 O-O
14.c4 dxc4
15.Nd2xc4 Ne5xc4
16.Qe2xc4 Ra8c8
17.Rf1d1 Qd8e8
18.Rd1d2 b5
19.Qc4c5 a5
20.Rb1d1 Bg7f6
21.Rd2d7 Bf6e7
22.Qc5xe7 Qe8xe7
23.Rd7xe7 c5
24.Rd1d7 c4
25.h4 c3
26.bxc3 Rc8xc3
27.Bf3d5 Rc3c5
28.Bd5xf7 Kh8
29.Bf7xg6 Kg8
 { time }
0-1

[Event "Tourn. n8377"]
[Site "www.chess-mail.com"]
[Date "2015.09.08"]
[Round "1"]
[White "Bojan"]
[Black "Flick"]
[WhiteElo "1940"]
[BlackElo "1870"]
[Result "0-1"]
[Round "1"]
1.e4 e5
2.Ng1f3 Nb8c6
3.Bf1c4 Bf8e7
4.d4 exd4
5.Nf3xd4 Ng8f6
6.Nd4xc6 bxc6
7.e5 Nf6e4
8.Qd1f3 d5
9.Bc4d3 Bc8e6
10.O-O f6
11.exf6 Ne4xf6
12.Bc1g5 Qd8d6
13.c3 O-O
14.Bg5f4 Qd6d7
15.Qf3e2 Ra8e8
16.Nb1d2 Be6g4
17.Nd2f3 Nf6h5
18.Bf4g3 Nh5xg3
19.fxg3 Be7c5
20.Kh1 Re8xe2
21.Bd3xe2 Rf8e8
22.Be2d3 Bg4xf3
23.Rf1xf3 Re8e3
24.Bd3f5 Qd7e8
25.Rf3f4 Re3e1
{ resign }
0-1

[Event "Tourn. n8319"]
[Site "www.chess-mail.com"]
[Date "2015.09.08"]
[Round "1"]
[White "Huw"]
[Black "Jucatorul"]
[WhiteElo "999"]
[BlackElo "1499"]
[Result "1-0"]
[Round "1"]
1.d4 Ng8f6
2.c4 d6
3.Ng1f3 g6
4.Nb1c3 Bf8g7
5.e4 Nb8d7
6.Bf1e2 O-O
7.Bc1g5 c5
8.d5 Nd7e5
9.Nf3xe5 dxe5
10.O-O b6
11.f4  { time }
1-0

[Event "Tourn. n8360"]
[Site "www.chess-mail.com"]
[Date "2015.09.08"]
[Round "1"]
[White "Katze"]
[Black "Gatrooper"]
[WhiteElo "1559"]
[BlackElo "1450"]
[Result "0-1"]
[Round "1"]
1.e4 e5
2.Nb1c3 Ng8f6
3.f4 exf4
4.e5 Nf6g8
5.Ng1f3 Nb8c6
6.d4 h6
7.Bc1xf4 d5
 { time }
0-1

[Event "Tourn. n8375"]
[Site "www.chess-mail.com"]
[Date "2015.09.08"]
[Round "1"]
[White "Xkafi"]
[Black "Madz123456"]
[WhiteElo "2100"]
[BlackElo "2220"]
[Result "0-1"]
[Round "1"]
1.e4 c5
2.Bf1c4 e6
3.Ng1f3 Nb8c6
4.c3 d5
5.exd5 exd5
6.Bc4b5 Ng8f6
7.O-O Bf8e7
8.Nf3e5 Qd8c7
9.Rf1e1 O-O
10.Ne5xc6 bxc6
11.Bb5a4 Nf6g4
12.Ba4xc6 Qc7xh2
13.Kf1 Qh2h1
14.Ke2 Qh1xg2
15.Qd1a4 Qg2xf2
16.Kd1 Qf2f3
17.Kc2 Bc8f5
18.d3 Qf3xd3
{ resign }
0-1

[Event "Tourn. n8352"]
[Site "www.chess-mail.com"]
[Date "2015.09.08"]
[Round "1"]
[White "Jhw"]
[Black "Senitram"]
[WhiteElo "2380"]
[BlackElo "2630"]
[Result "0-1"]
[Round "1"]
1.c4 Ng8f6
2.d4 g6
3.Nb1c3 Bf8g7
4.e3 O-O
5.Bf1d3 d5
6.c5 b6
7.b4 a5
8.b5 bxc5
9.dxc5 Nf6e4
10.Bc1d2 Ne4xc3
11.Qd1b3 a4
12.Qb3a3 Nc3xb5
{ resign }
0-1

[Event "Tourn. n8368"]
[Site "www.chess-mail.com"]
[Date "2015.09.08"]
[Round "1"]
[White "Terrible"]
[Black "Gimmyg"]
[WhiteElo "2320"]
[BlackElo "2440"]
[Result "0-1"]
[Round "1"]
1.d4 d6
2.Ng1f3 Ng8f6
3.c4 c6
4.Nb1c3 Bc8f5
5.Nf3h4 Bf5g6
6.Nh4xg6 hxg6
7.e4 Nb8d7
8.Bf1e2 e5
9.Bc1e3 Qd8c7
10.Qd1a4 Bf8e7
11.b4 exd4
12.Be3xd4 Kf8
13.Bd4e3 d5
14.exd5 cxd5
15.c5 Qc7e5
{ resign }
0-1

[Event "Tourn. n8331"]
[Site "www.chess-mail.com"]
[Date "2015.09.08"]
[Round "1"]
[White "Alvarin111"]
[Black "Geretree"]
[WhiteElo "1850"]
[BlackElo "1870"]
[Result "0-1"]
[Round "1"]
1.e4 e5
2.Ng1f3 Nb8c6
3.Bf1c4 h6
4.O-O Ng8f6
5.Nb1c3 Bf8c5
6.d3 a6
7.Nc3d5 d6
8.Bc1e3 Bc5xe3
9.Nd5xf6 Qd8xf6
10.fxe3 Qf6g6
11.Rf1f2 Bc8g4
12.Qd1f1 f6
13.Nf3h4 Qg6g5
14.Nh4f5 h5
15.d4 Nc6e7
16.Nf5xe7 Kxe7
17.Qf1d3 h4
18.Bc4b3 h3
19.Ra1f1 hxg2
20.Rf2xg2 Rh8h4
21.h3 Rh4xh3
22.Qd3c3 Kd7
23.Rf1f2 Ra8h8
24.Bb3e6 Kxe6
25.Qc3c4 Ke7
26.Qc4xc7 Ke8
27.Qc7b8 Kf7
28.Kf1 Rh3h1
29.Rg2g1 Rh1xg1
30.Kxg1 Rh8xb8
{ resign }
0-1

[Event "Match"]
[Site "www.echecsemail.com"]
[Date "2015.09.08"]
[Round "1"]
[White "Scur"]
[Black "Jhw"]
[WhiteElo "2129"]
[BlackElo "1880"]
[Result "1-0"]
[Round "1"]
1.e4 e5
2.Ng1f3 Ng8f6
3.Nf3xe5 Qd8e7
4.Ne5f3 Nf6xe4
5.Bf1e2 Ne4g5
6.O-O Ng5xf3
7.Be2xf3 Qe7c5
8.d4 Qc5b6
9.Rf1e1 Bf8e7
10.Qd1e2 Qb6f6
11.Nb1c3 c6
12.Nc3e4 Qf6xd4
13.Bc1g5 f6
14.Ne4xf6 { resign }
1-0

[Event "Match"]
[Site "www.echecsemail.com"]
[Date "2015.09.08"]
[Round "1"]
[White "Ericleo1980"]
[Black "Katze"]
[WhiteElo "2300"]
[BlackElo "1599"]
[Result "1-0"]
[Round "1"]
1.e4 d5
2.exd5 Qd8xd5
3.Nb1c3 Qd5d6
4.d4 c6
5.Bc1e3 Ng8f6
6.h3 g6
7.Bf1d3 Bf8g7
8.Ng1f3  { time }
1-0

[Event "Match"]
[Site "www.echecsemail.com"]
[Date "2015.09.08"]
[Round "1"]
[White "Vinvangogh"]
[Black "Guidom"]
[WhiteElo "1480"]
[BlackElo "2190"]
[Result "0-1"]
[Round "1"]
1.e4 e5
2.Ng1f3 Nb8c6
3.Bf1b5 a6
4.Bb5c4 d6
5.d4 exd4
6.Nf3xd4 Nc6e5
7.b3 Ne5xc4
8.bxc4 Ng8f6
9.O-O Bf8e7
10.Bc1g5 O-O
11.Nb1c3 h6
12.Nc3d5 Nf6xd5
13.exd5 Be7xg5
 { time }
0-1

[Event "Match"]
[Site "www.echecsemail.com"]
[Date "2015.09.08"]
[Round "1"]
[White "Carazo"]
[Black "Fangshuo1"]
[WhiteElo "1599"]
[BlackElo "1499"]
[Result "0-1"]
[Round "1"]
1.e4 e6
2.d4 d5
3.e5 c5
4.Nb1c3 Nb8c6
5.Ng1f3 Ng8e7
6.dxc5 Qd8a5
7.Bc1e3 a6
8.g3 Ne7f5
9.Be3d4 Nf5xd4
10.Nf3xd4 Nc6xd4
11.Qd1xd4 Bf8xc5
12.Qd4g4 O-O
13.Bf1d3 f5
14.Qg4h4 d4
15.O-O dxc3
16.b3 b5
17.g4 Qa5b4
18.a3 Qb4xg4
19.Qh4xg4 fxg4
20.b4 Bc5d4
21.Bd3e4 Ra8a7
22.Ra1d1 Bd4xe5
23.Rf1e1 Be5b8
24.Re1e2 Ra7f7
25.Rd1f1 Bb8a7
26.Kg2 h5
27.Be4g6 Bc8b7
28.Kg1 Rf7f6
29.Bg6xh5 g3
30.hxg3 Rf6h6
31.g4 g6
32.Re2xe6 Kg7
33.Re6e7 Rf8f7
34.Re7e6 gxh5
35.Re6e5 hxg4
36.Re5g5 Kh7
{ resign }
0-1

[Event "Match"]
[Site "www.echecsemail.com"]
[Date "2015.09.08"]
[Round "1"]
[White "Pare123"]
[Black "Carazo"]
[WhiteElo "1970"]
[BlackElo "1830"]
[Result "0-1"]
[Round "1"]
1.c4 e5
2.Nb1c3 Bf8c5
3.e3 Ng8f6
4.d3 Bc5b4
5.Bc1d2 Nb8c6
6.a3 Bb4c5
7.b4 Bc5e7
8.Ng1f3 h6
9.Bf1e2 b6
10.O-O Bc8b7
11.b5 Nc6a5
12.Nf3xe5 d6
13.Ne5f3 d5
14.Qd1c2 dxc4
15.dxc4 O-O
16.Rf1d1 Bb7xf3
17.Be2xf3 Ra8b8
18.Nc3d5 c6
19.Nd5xe7 Qd8xe7
20.bxc6 Rb8c8
21.Bd2b4 Qe7c7
22.Bb4xf8 Rc8xf8
23.Qc2a4 Nf6e8
24.Rd1d7 Qc7b8
25.Ra1d1 Ne8f6
26.c7 Qb8c8
27.Rd7e7 Kh7
28.c5 h5
29.cxb6 axb6
30.Qa4e4 Nf6xe4
31.Bf3xe4 g6
32.Rd1d7 Kg7
33.Be4d5 b5
34.Bd5xf7 Kh6
35.f4 Na5c6
36.Bf7e6 Nc6xe7
37.Rd7xe7 Qc8a8
38.Be6d7 Qa8xa3
39.Re7e5 Qa3c3
40.c8Q Qc3e1
{ resign }
0-1

[Event "Match"]
[Site "www.echecsemail.com"]
[Date "2015.09.08"]
[Round "1"]
[White "Carazo"]
[Black "Drdoom"]
[WhiteElo "1830"]
[BlackElo "1770"]
[Result "1-0"]
[Round "1"]
1.e4 e5
2.Ng1f3 d6
3.Bf1c4 a6
4.d3 b5
5.Bc4xf7 Kxf7
6.Nf3g5 Ke8
7.Qd1f3 Ng8f6
8.Bc1e3 c5
9.O-O h6
10.Ng5h3 Bc8g4
11.Qf3g3 Qd8d7
12.f3 Bg4xh3
13.gxh3 Nb8c6
14.Qg3g6 Qd7f7
15.Qg6g2 Bf8e7
16.f4 b4
17.b3 a5
18.Nb1d2 Ra8b8
19.Kh1 Rh8g8
20.a3 Qf7h5
21.Rf1f3 g5
22.Rf3g3 Nf6h7
23.f5 Kd7
24.a4 Nc6d4
25.Be3xd4 cxd4
26.Nd2c4 Nh7f6
27.Nc4xa5 Rb8a8
28.Na5c4 Nf6e8
29.Nc4b6 { resign }
1-0

[Event "Match"]
[Site "www.echecsemail.com"]
[Date "2015.09.08"]
[Round "1"]
[White "Darknight"]
[Black "Llord"]
[WhiteElo "1590"]
[BlackElo "1890"]
[Result "1-0"]
[Round "1"]
1.e4 e5
2.Bf1c4 Ng8f6
3.d3 Bf8c5
4.h3 d5
5.exd5 Nf6xd5
6.Qd1f3 c6
7.Nb1c3 Bc8e6
8.Ng1e2 O-O
9.Qf3g3 Qd8f6
10.Nc3e4 Qf6e7
11.Bc1h6 f6
12.Ne4xc5 Rf8f7
13.Nc5e4 Nd5f4
14.Ne2xf4 exf4
15.Bh6xf4 Nb8d7
16.O-O-O Be6xc4
17.Ne4d6 Bc4d5
18.Nd6xf7 Qe7xf7
19.a3 Nd7f8
20.h4 Nf8g6
21.Bf4d2 Ng6e7
22.h5 Ne7f5
23.Qg3g4 h6
24.Qg4xf5 Bd5xg2
25.Rh1h2 Qf7a2
26.c3 Bg2d5
27.c4 Bd5f7
28.Rd1g1 Qa2a1
29.Kc2 Qa1xg1
30.Rh2h4 Ra8e8
31.Rh4g4 Qg1h2
32.Bd2xh6 Re8e2
33.Kb3 Qh2e5
34.Rg4xg7 Kf8
35.Qf5c8 Ke7
36.Qc8xb7 Kd6
37.Qb7xf7 Qe5xb2
38.Ka4 Qb2c2
39.Ka5 Re2e5
40.Ka6 Qc2a4
41.Kb7 Qa4b3
42.Ka8 Re5f5
43.Qf7e7 
1-0

[Event "Eq:Slap Shot Mates-Team USA : "]
[Site "www.chess-mail.com"]
[Date "2015.09.08"]
[Round "1"]
[White "Mustaphly"]
[Black "Uji40"]
[WhiteElo "2740"]
[BlackElo "1930"]
[Result "1-0"]
[Round "1"]
1.d4 Ng8f6
2.Ng1f3 g6
3.c4 Bf8g7
4.Nb1c3 c6
5.e4 O-O
6.Bf1e2 Rf8e8
7.e5 Nf6g4
8.h3 Ng4h6
9.h4 d5
10.h5 Nb8d7
11.hxg6 fxg6
12.Bc1xh6 Bg7xh6
13.Rh1xh6 e6
14.Qd1d2 Nd7b6
15.c5 Nb6d7
16.O-O-O a6
17.Rd1h1 Nd7f8
18.Nf3h2 Re8e7
19.Nh2g4 Kg7
20.Rh6xh7 Nf8xh7
21.Qd2h6 Kh8
22.Ng4f6 Qd8c7
23.Qh6f8 
1-0

[Event "Fast Game"]
[Site "www.echecsemail.com"]
[Date "2015.09.08"]
[Round "1"]
[White "Giupiter"]
[Black "Stepdedalus"]
[WhiteElo "1599"]
[BlackElo "1599"]
[Result "1-0"]
[Round "1"]
1.d4 d5
2.c4 c6
3.Nb1c3 Ng8f6
4.Bc1f4 dxc4
5.e4 b5
6.e5 Nf6d5
7.Nc3xd5 cxd5
8.b4 Nb8c6
9.a3 e6
10.Ng1f3 Bf8e7
11.Bf1e2 O-O
12.Qd1d2 a5
13.O-O axb4
14.axb4 Ra8xa1
15.Rf1xa1 Be7xb4
16.Qd2c2 Qd8b6
17.Nf3g5  { time }
1-0

[Event "Fast Game"]
[Site "www.echecsemail.com"]
[Date "2015.09.08"]
[Round "1"]
[White "Sonofabutton"]
[Black "Stepdedalus"]
[WhiteElo "1599"]
[BlackElo "1599"]
[Result "0-1"]
[Round "1"]
1.c4 Ng8f6
2.d4 c6
3.Nb1c3 d5
4.cxd5 cxd5
5.Ng1f3 Nb8c6
6.g3 Bc8f5
7.Bf1g2 Qd8d7
8.O-O O-O-O
9.a3 Bf5h3
10.b4 Bh3xg2
 { time }
0-1